| 000 | 00484nam a2200157 i 4500 | ||
|---|---|---|---|
| 001 | 45758 | ||
| 003 | ES-MaACL | ||
| 005 | 20230906161254.0 | ||
| 007 | t| | ||
| 008 | 030326s1979 lu ||||1| fre d | ||
| 110 | 2 |
_aComunidad Económica Europea. _93130 |
|
| 245 | 1 | 0 |
_aOrganigramm de la commission des Communautes Européennes / _cCommunautés Européennes, Commission. |
| 260 |
_a[Luxembourg : _bs.n., _c1979] |
||
| 300 |
_a106 p. ; _c25 cm. |
||
| 852 |
_aES-MaACL _jA-10303 _bR.99590 |
||
| 999 |
_c45758 _d45758 |
||